Guide to Computer forensics and Investigations, 6e: (Record no. 184284)

MARC details
000 -LEADER
fixed length control field 00644nam a22001937a 4500
005 - DATE AND TIME OF LATEST TRANSACTION
control field 20220117144932.0
010 ## - LCCN (DPL NO)
LC control number ENG-131182
020 ## - INTERNATIONAL STANDARD BOOK NUMBER
International Standard Book Number 978-93-5350-626-1
Terms of availability 490.00
035 ## - SYSTEM CONTROL NUMBER
System control number EN-114714
037 ## - SOURCE OF ACQUISITION
Source of stock number/acquisition DBAD
082 ## - DEWEY DECIMAL CLASSIFICATION NUMBER
Classification number 005.8
100 ## - MAIN ENTRY--PERSONAL NAME
Personal name Nelson, Bill
245 ## - TITLE STATEMENT
Title Guide to Computer forensics and Investigations, 6e:
Statement of responsibility, etc Bill Nelson, Amelia Phillipos, Chris Steuart
250 ## - EDITION STATEMENT
Edition statement 6th Edition
260 ## - PUBLICATION, DISTRIBUTION, ETC. (IMPRINT)
Place of publication, distribution, etc Delhi
Name of publisher, distributor, etc Cengage Learning India Private Limited
Date of publication, distribution, etc 2021
270 ## - ADDRESS
City Delhi
Address T-303, 3rd Floor, DAV Complex, Plot 3, Mayur Vihar Phase 1
Postal code 110091
300 ## - PHYSICAL DESCRIPTION
Extent 738p.
Dimensions 25cm(pbk)
942 ## - ADDED ENTRY ELEMENTS (KOHA)
Source of classification or shelving scheme Dewey Decimal Classification
Item type English Books
Classification part 005.8
Call number suffix NEL
Holdings
Withdrawn status Lost status Not for loan Collection code Home library Current library Date acquired Source of acquisition Cost, normal purchase price Full call number Barcode Copy number Cost, replacement price Koha item type
      Non-fiction Bawana Bawana 17/01/2022 DBAD/PUB 490.00 005.8 NEL EN-114714 1 490.00 English Books

© Delhi Public Library
Hit Counter
free hit counter